| 000 | 00666nam a2200241Ia 4500 | ||
|---|---|---|---|
| 003 | OSt | ||
| 005 | 20220918185906.0 | ||
| 006 | a|||||r|||| 00| 0 | ||
| 007 | ta | ||
| 008 | 220917b |||||||| |||| 00| 0 eng d | ||
| 024 | _a53,355 | ||
| 037 | _cTextual | ||
| 040 |
_aARTS _cARTS _beng |
||
| 041 |
_2eng _aeng |
||
| 082 | _aP15, 111M2 | ||
| 100 | _aMishra Madhusudan | ||
| 245 | 0 |
_aIntroduction to Sanskrit _b a self teaching intensive course in Sanskrit |
|
| 260 |
_aDelhi _bTara Prakashan _c1982 |
||
| 300 |
_axiii,384p. _ccm. |
||
| 650 | _aLINGUISTICS | ||
| 942 |
_hP15, 111M2 _cTEXL _2CC |
||
| 999 |
_c182605 _d182605 |
||